[Event "FRA-chT2 East 0809"]
[Site "France"]
[Date "2009.03.14"]
[Round "8.4"]
[White "Netzer, Jacques"]
[Black "Grandidier, Raphael"]
[Result "1-0"]
[WhiteElo "2146"]
[BlackElo "2043"]
[PlyCount "65"]
[EventDate "2008.10.19"]
[EventType "team-tourn"]
[EventRounds "11"]
[EventCountry "FRA"]
[SourceTitle "EXT 2010"]
[Source "ChessBase"]
[SourceDate "2010.11.25"]
[SourceVersion "1"]
[SourceVersionDate "2010.11.25"]
[SourceQuality "1"]
[WhiteTeam "Bischwiller II"]
[BlackTeam "Obernai"]
[WhiteTeamCountry "FRA"]
[BlackTeamCountry "FRA"]

1. e4 d5 2. exd5 Qxd5 3. Nc3 Qa5 4. Bc4 c6 5. d3 Nf6 6. Qe2 Bg4 7. f3 Bh5 8. g4 Bg6 9. f4 h6 10. Bd2 Nbd7 11. f5 Bh7 12. Nb5 Qxd2+ 13. Kxd2 cxb5 14. Bxb5 0-0-0 15. Bc4 h5 16. h3 hxg4 17. hxg4 Nxg4 18. Qxg4 Bxf5 19. Qf3 Rxh1 20. Qxh1 e6 21. Nf3 Bb4+ 22. c3 Be7 23. b4 Nb6 24. Ke2 Nxc4 25. dxc4 Bd3+ 26. Kf2 Bxc4 27. Rc1 Re8 28. Ne5 Bb5 29. a4 Bxa4 30. Ra1 Bb3 31. Rxa7 Bd5 32. Qh2 b5 33. Nc6 1-0

[Event "FRA-chT2 East 0809"]
[Site "France"]
[Date "2008.12.14"]
[Round "4.6"]
[White "Grandidier, Raphael"]
[Black "Jeannerot, Lea"]
[Result "1-0"]
[WhiteElo "2043"]
[BlackElo "1951"]
[PlyCount "107"]
[EventDate "2008.10.19"]
[EventType "team-tourn"]
[EventRounds "11"]
[EventCountry "FRA"]
[SourceTitle "EXT 2010"]
[Source "ChessBase"]
[SourceDate "2010.11.25"]
[SourceVersion "1"]
[SourceVersionDate "2010.11.25"]
[SourceQuality "1"]
[WhiteTeam "Obernai"]
[BlackTeam "Besancon TPG II"]
[WhiteTeamCountry "FRA"]
[BlackTeamCountry "FRA"]

1. e4 c6 2. d4 d5 3. Nc3 dxe4 4. Nxe4 Nd7 5. Nf3 Ngf6 6. Ng3 e6 7. Bd3 Bd6 8. Qe2 0-0 9. Bg5 h6 10. Bd2 Re8 11. Ne5 c5 12. Nxd7 Bxd7 13. dxc5 Bxc5 14. Ne4 Nxe4 15. Qxe4 Qf6 16. 0-0-0 a5 17. Bc3 e5 18. Qh7+ Kf8 19. Kb1 g5 20. h4 Bd4 21. hxg5 hxg5 22. Be4 Bc6 23. Rh3 Rad8 24. Bxa5 b6 25. Qh8+ Qxh8 26. Rxh8+ Kg7 27. Rh7+ Kg8 28. Bxc6 Kxh7 29. Bxe8 Rxe8 30. Be1 Kg6 31. c3 Bc5 32. b4 Be7 33. Rd5 Kf5 34. Kc2 Rc8 35. Rb5 Rc6 36. Bd2 g4 37. Be3 Bd8 38. Rd5 Be7 39. b5 Rf6 40. Rd7 Re6 41. a4 Ke4 42. Bxb6 Rxb6 43. Rxe7 Rf6 44. f3+ gxf3 45. gxf3+ Rxf3 46. b6 Rf2+ 47. Kb3 Rf1 48. Kc4 Rb1 49. b7 f5 50. a5 f4 51. a6 f3 52. Rf7 Ke3 53. a7 f2 54. b8Q 1-0

[Event "FRA-chT2 East 0809"]
[Site "France"]
[Date "2008.10.19"]
[Round "1.4"]
[White "Wegner, Eric"]
[Black "Grandidier, Raphael"]
[Result "1-0"]
[WhiteElo "2045"]
[BlackElo "2043"]
[PlyCount "67"]
[EventDate "2008.10.19"]
[EventType "team-tourn"]
[EventRounds "11"]
[EventCountry "FRA"]
[SourceTitle "EXT 2010"]
[Source "ChessBase"]
[SourceDate "2010.11.25"]
[SourceVersion "1"]
[SourceVersionDate "2010.11.25"]
[SourceQuality "1"]
[WhiteTeam "Grenoble"]
[BlackTeam "Obernai"]
[WhiteTeamCountry "FRA"]
[BlackTeamCountry "FRA"]

1. d4 Nf6 2. Bg5 g6 3. Bxf6 exf6 4. e3 Bg7 5. c4 0-0 6. Nc3 d6 7. g3 f5 8. Bg2 Nd7 9. Nge2 Nf6 10. 0-0 Re8 11. Qc2 c6 12. Rac1 Qe7 13. b4 Ne4 14. b5 Bd7 15. a4 Rac8 16. Qd3 g5 17. Rb1 c5 18. Nd5 Qd8 19. f3 Nf6 20. Nec3 Nxd5 21. Nxd5 Be6 22. f4 gxf4 23. Rxf4 cxd4 24. exd4 Bh6 25. Rh4 Qg5 26. Rf1 b6 27. Kh1 Kh8 28. Bh3 Rg8 29. Bxf5 Bxd5+ 30. cxd5 Rce8 31. Bxh7 Re3 32. Qf5 Rg7 33. Rh5 Qxf5 34. Bxf5 1-0

[Event "Verbandsliga Sued Baden 0809"]
[Site "Germany"]
[Date "2008.09.28"]
[Round "1.8"]
[White "Grandidier, Raphael"]
[Black "Krueger, Michael"]
[Result "1-0"]
[WhiteElo "2051"]
[BlackElo "2120"]
[PlyCount "77"]
[EventDate "2008.09.28"]
[EventType "team"]
[EventRounds "9"]
[EventCountry "GER"]
[SourceTitle "EXT 2010"]
[Source "ChessBase"]
[SourceDate "2010.11.25"]
[SourceVersion "1"]
[SourceVersionDate "2010.11.25"]
[SourceQuality "1"]
[WhiteTeam "Oberwinden"]
[BlackTeam "Engen"]
[WhiteTeamCountry "GER"]
[BlackTeamCountry "GER"]

1. e4 e5 2. Nf3 Nf6 3. Nxe5 d6 4. Nf3 Nxe4 5. Nc3 Nf6 6. d4 Bg4 7. h3 Bh5 8. Be3 d5 9. g4 Bg6 10. Ne5 Nbd7 11. Bg2 c6 12. f4 Be4 13. Nxe4 Nxe4 14. 0-0 f6 15. Nxd7 Qxd7 16. c4 0-0-0 17. cxd5 Qxd5 18. Qc2 Re8 19. Rae1 Bb4 20. Re2 f5 21. Bf2 Qxa2 22. gxf5 Nxf2 23. Rfxf2 Qf7 24. Bxc6 Rd8 25. Bd5+ Qc7 26. Qb3 Qb6 27. Rc2+ Kb8 28. Rc4 a5 29. Qf3 Rd6 30. Rfc2 Rhd8 31. Be6 Rxd4 32. Kg2 Bd6 33. Rc8+ Rxc8 34. Rxc8+ Ka7 35. b4 Qxb4 36. Qf2 b6 37. Rg8 Rd2 38. Rxg7+ Ka6 39. Bc4+ 1-0

[Event "Stuttgart-chA int"]
[Site "Ditzingen"]
[Date "2008.05.01"]
[Round "3"]
[White "Samu, Sorin Mihai"]
[Black "Grandidier, Raphael"]
[Result "1-0"]
[WhiteElo "2176"]
[BlackElo "2023"]
[PlyCount "117"]
[EventDate "2008.05.01"]
[EventType "swiss"]
[EventRounds "7"]
[EventCountry "GER"]
[SourceTitle "EXT 2018"]
[Source "ChessBase"]
[SourceDate "2017.10.13"]
[SourceVersion "1"]
[SourceVersionDate "2017.10.13"]
[SourceQuality "1"]

1. e4 c5 2. Nc3 g6 3. d4 Bg7 4. d5 d6 5. Bb5+ Nd7 6. Nge2 a6 7. Bxd7+ Bxd7 8. 0-0 Nf6 9. f3 0-0 10. Be3 Qc7 11. Qd2 b5 12. Bh6 b4 13. Nd1 Bb5 14. Bxg7 Kxg7 15. Rf2 e6 16. dxe6 fxe6 17. Nf4 Rae8 18. a3 a5 19. h4 Bc6 20. axb4 axb4 21. c4 e5 22. Nd3 Ra8 23. Rxa8 Bxa8 24. b3 Bc6 25. Rf1 Nh5 26. Ne3 Qe7 27. Qe1 Nf4 28. Nxf4 Rxf4 29. g3 Rf8 30. Qd2 Qe6 31. Kg2 Bd7 32. Ng4 Qf7 33. Qh6+ Kg8 34. Ne3 Ra8 35. Rf2 Rf8 36. h5 Qe6 37. hxg6 hxg6 38. g4 Qf7 39. Qg5 Kg7 40. Nf5+ Bxf5 41. exf5 Qf6 42. Qxg6+ Qxg6 43. fxg6 Kxg6 44. Rd2 Rf6 45. Kg3 Kg5 46. Rd3 Re6 47. Rd5 Kf6 48. Kh4 Ke7 49. g5 Rg6 50. Kh5 Rg8 51. g6 Rh8+ 52. Kg5 Rh3 53. Rd3 e4 54. Re3 Rxf3 55. Rxe4+ Kf8 56. Rf4+ Rxf4 57. Kxf4 d5 58. cxd5 c4 59. Ke3 1-0

[Event "Verbandsliga Sued Baden 0708"]
[Site "Germany"]
[Date "2008.03.02"]
[Round "7.7"]
[White "Grandidier, Raphael"]
[Black "Dietrich, Klaus"]
[Result "0-1"]
[WhiteElo "1981"]
[BlackElo "1926"]
[PlyCount "60"]
[EventDate "2007.10.14"]
[EventType "team"]
[EventRounds "9"]
[EventCountry "GER"]
[SourceTitle "EXT 2009"]
[Source "ChessBase"]
[SourceDate "2008.11.26"]
[SourceVersion "1"]
[SourceVersionDate "2008.11.26"]
[SourceQuality "1"]
[WhiteTeam "Oberwinden"]
[BlackTeam "Zaehringen II"]
[WhiteTeamCountry "GER"]
[BlackTeamCountry "GER"]

1. e4 Nf6 2. e5 Nd5 3. Nf3 d6 4. d4 dxe5 5. Nxe5 c6 6. Be2 Nd7 7. 0-0 Nxe5 8. dxe5 Bf5 9. c4 Nb6 10. Qb3 Qc7 11. Bf4 e6 12. Qg3 0-0-0 13. Nc3 h6 14. h4 g5 15. hxg5 hxg5 16. Bxg5 Be7 17. Bxe7 Qxe7 18. f4 Rdg8 19. Qe3 Qh4 20. Bf3 Bh3 21. Rf2 Bxg2 22. Rxg2 Qh1+ 23. Kf2 Qxa1 24. Qe2 Qc1 25. f5 Qf4 26. Rxg8+ Rxg8 27. fxe6 fxe6 28. b3 Rh8 29. Ke1 Rh2 30. Qe4 Qd2+ 0-1

[Event "Selestat op 15th"]
[Site "Selestat"]
[Date "2008.02.25"]
[Round "5"]
[White "Grandidier, Raphael"]
[Black "Lodes, Hermann"]
[Result "1/2-1/2"]
[WhiteElo "2009"]
[BlackElo "2183"]
[PlyCount "34"]
[EventDate "2008.02.21"]
[EventType "swiss"]
[EventRounds "7"]
[EventCountry "FRA"]
[SourceTitle "CBM 122 Extra"]
[Source "ChessBase"]
[SourceDate "2008.03.04"]
[SourceVersion "1"]
[SourceVersionDate "2008.03.04"]
[SourceQuality "1"]

1. e4 c6 2. d4 d5 3. Nc3 dxe4 4. Nxe4 Bf5 5. Ng3 Bg6 6. Bc4 e6 7. N1e2 Bd6 8. h4 h6 9. Nf4 Bxf4 10. Bxf4 Nd7 11. h5 Bh7 12. c3 Ngf6 13. 0-0 0-0 14. Re1 Re8 15. Qf3 Nd5 16. Be5 Nxe5 17. dxe5 Qg5 1/2-1/2

[Event "Verbandsliga Sued Baden 0708"]
[Site "Germany"]
[Date "2008.01.13"]
[Round "5.7"]
[White "Grandidier, Raphael"]
[Black "Kupprion, Klaus"]
[Result "1-0"]
[WhiteElo "1981"]
[BlackElo "1831"]
[PlyCount "125"]
[EventDate "2007.10.14"]
[EventType "team"]
[EventRounds "9"]
[EventCountry "GER"]
[SourceTitle "EXT 2009"]
[Source "ChessBase"]
[SourceDate "2008.11.26"]
[SourceVersion "1"]
[SourceVersionDate "2008.11.26"]
[SourceQuality "1"]
[WhiteTeam "Oberwinden"]
[BlackTeam "Gottmadingen"]
[WhiteTeamCountry "GER"]
[BlackTeamCountry "GER"]

1. e4 Nf6 2. Nc3 d5 3. exd5 Nxd5 4. Bc4 c6 5. Qf3 e6 6. Nge2 Nd7 7. Qg3 N7f6 8. d3 Bd6 9. Qh4 Be7 10. Bd2 0-0 11. Qg3 Bd6 12. Qh4 Be7 13. Qg3 Bd6 14. Qf3 Qc7 15. Ne4 Nxe4 16. dxe4 Nb6 17. Bd3 c5 18. c3 Nd7 19. Qh3 Ne5 20. f4 Nxd3+ 21. Qxd3 c4 22. Qf3 Bd7 23. Be3 a6 24. 0-0 Bc5 25. Qf2 Bxe3 26. Qxe3 Rad8 27. Rad1 Bc6 28. Qc5 Qb8 29. Qe3 b5 30. Rd4 Rxd4 31. Nxd4 Qb6 32. Kf2 Ba8 33. Rd1 Rd8 34. Rd2 h6 35. Nf3 Rxd2+ 36. Nxd2 Qd6 37. a3 f6 38. g3 e5 39. Ke1 Kh7 40. Qa7 Qc6 41. fxe5 fxe5 42. Qb8 Bb7 43. Qxe5 Bc8 44. Kf2 Bg4 45. Ke3 Qd7 46. Qd5 Qe7 47. Nf3 Qf6 48. Nd2 Kh8 49. h4 h5 50. e5 Qh6+ 51. Kf2 Qb6+ 52. Qd4 Qe6 53. Kg2 Qf5 54. Qe4 Qd7 55. Qd4 Qf5 56. Kg1 Qc2 57. Ne4 Qc1+ 58. Kf2 Qxb2+ 59. Qd2 Qxa3 60. Qd8+ Kh7 61. Ng5+ Kg6 62. Qb6+ Kf5 63. Qe6# 1-0

[Event "FRA-chT2 East 0708"]
[Site "France"]
[Date "2007.12.16"]
[Round "4.5"]
[White "Grandidier, Raphael"]
[Black "Debray, Francois"]
[Result "1/2-1/2"]
[WhiteElo "2018"]
[BlackElo "2157"]
[PlyCount "70"]
[EventDate "2007.10.21"]
[EventType "team"]
[EventRounds "11"]
[EventCountry "FRA"]
[SourceTitle "EXT 2009"]
[Source "ChessBase"]
[SourceDate "2008.11.26"]
[SourceVersion "1"]
[SourceVersionDate "2008.11.26"]
[SourceQuality "1"]
[WhiteTeam "Obernai"]
[BlackTeam "Grenoble"]
[WhiteTeamCountry "FRA"]
[BlackTeamCountry "FRA"]

1. e4 Nc6 2. d4 d5 3. e5 Bf5 4. Nf3 Qd7 5. c3 f6 6. Be2 fxe5 7. Nxe5 Nxe5 8. dxe5 e6 9. 0-0 Bg6 10. Nd2 Nh6 11. Nf3 Nf7 12. Bf4 Be7 13. Qd2 0-0 14. c4 Be4 15. cxd5 Qxd5 16. Qc3 c5 17. Rfd1 Qc6 18. Rac1 Rfd8 19. b3 Rxd1+ 20. Rxd1 Rd8 21. Rxd8+ Bxd8 22. Qe3 Bc7 23. Bc4 Bd5 24. Qe2 a6 25. h4 Bxc4 26. bxc4 Qd7 27. Qe4 Bd8 28. Kh2 Be7 29. Ng5 Bxg5 30. Bxg5 Qd4 31. Qxb7 Nxg5 32. hxg5 Qxe5+ 33. g3 Qd4 34. Kg2 Qxc4 35. Qe7 Qd5+ 1/2-1/2

[Event "Verbandsliga Sued Baden 0708"]
[Site "Germany"]
[Date "2007.11.18"]
[Round "3.8"]
[White "Grandidier, Raphael"]
[Black "Lada, Ireneusz"]
[Result "1/2-1/2"]
[WhiteElo "1955"]
[BlackElo "2114"]
[PlyCount "73"]
[EventDate "2007.10.14"]
[EventType "team"]
[EventRounds "9"]
[EventCountry "GER"]
[SourceTitle "EXT 2009"]
[Source "ChessBase"]
[SourceDate "2008.11.26"]
[SourceVersion "1"]
[SourceVersionDate "2008.11.26"]
[SourceQuality "1"]
[WhiteTeam "Oberwinden"]
[BlackTeam "Wiehre"]
[WhiteTeamCountry "GER"]
[BlackTeamCountry "GER"]

1. e4 c6 2. d4 d5 3. Nc3 dxe4 4. Nxe4 Nf6 5. Nxf6+ gxf6 6. Nf3 Bf5 7. c3 e6 8. g3 Qc7 9. Bg2 Bd6 10. 0-0 Nd7 11. b4 Bg6 12. Qb3 a5 13. a4 axb4 14. cxb4 Nb6 15. Bh6 Nd5 16. b5 Bf8 17. Bxf8 Kxf8 18. Nh4 Rd8 19. bxc6 bxc6 20. Rfc1 Kg7 21. Qc4 Qa7 22. a5 Rc8 23. a6 Rhd8 24. Nxg6 hxg6 25. Rcb1 Rc7 26. Qc5 Ra8 27. Ra3 Qxc5 28. dxc5 Rca7 29. Bf1 Kf8 30. Rb7 Nc7 31. Rb6 Nb5 32. Ra5 Ke7 33. Bxb5 cxb5 34. Rbxb5 Rxa6 35. Rxa6 Rxa6 36. Rb7+ Ke8 37. Rb8+ 1/2-1/2

[Event "Verbandsliga Sued Baden 0708"]
[Site "Germany"]
[Date "2007.10.28"]
[Round "2.7"]
[White "Grandidier, Raphael"]
[Black "Ringelsiep, Jochen"]
[Result "1-0"]
[WhiteElo "1955"]
[BlackElo "2015"]
[PlyCount "56"]
[EventDate "2007.10.14"]
[EventType "team"]
[EventRounds "9"]
[EventCountry "GER"]
[SourceTitle "EXT 2009"]
[Source "ChessBase"]
[SourceDate "2008.11.26"]
[SourceVersion "1"]
[SourceVersionDate "2008.11.26"]
[SourceQuality "1"]
[WhiteTeam "Oberwinden"]
[BlackTeam "Konstanz"]
[WhiteTeamCountry "GER"]
[BlackTeamCountry "GER"]

1. e4 c5 2. Nf3 Nc6 3. Bb5 e6 4. 0-0 a6 5. Bxc6 bxc6 6. d3 d5 7. Qe2 Be7 8. b3 Nf6 9. e5 Nd7 10. c4 0-0 11. Nc3 Kh8 12. Bb2 f6 13. Na4 Nb6 14. exf6 gxf6 15. Nxb6 Qxb6 16. Nh4 Qd8 17. f4 Qe8 18. Rae1 Bd7 19. Nf5 Bd8 20. Qf2 Rb8 21. Nh4 d4 22. Ba3 Bb6 23. f5 e5 24. Re4 Qh5 25. Ng6+ hxg6 26. Rh4 Qxh4 27. Qxh4+ Kg7 28. fxg6 Kxg6 1-0

[Event "FRA-chT2 East 0607"]
[Site "France"]
[Date "2007.04.01"]
[Round "11.8"]
[White "Genzling, Sylvie"]
[Black "Grandidier, Raphael"]
[Result "1/2-1/2"]
[WhiteElo "1911"]
[BlackElo "2020"]
[PlyCount "93"]
[EventDate "2006.10.15"]
[EventType "team"]
[EventRounds "11"]
[EventCountry "FRA"]
[SourceTitle "EXT 2008"]
[Source "ChessBase"]
[SourceDate "2007.11.25"]
[SourceVersion "1"]
[SourceVersionDate "2007.11.25"]
[SourceQuality "1"]
[WhiteTeam "Bischwiller II"]
[BlackTeam "Obernai"]
[WhiteTeamCountry "FRA"]
[BlackTeamCountry "FRA"]

1. e4 c5 2. Nf3 Nc6 3. d4 cxd4 4. Nxd4 e5 5. Nb5 d6 6. a4 Nf6 7. N1c3 a6 8. Na3 Be7 9. Bc4 0-0 10. 0-0 Be6 11. f3 Rc8 12. Bd5 Nb4 13. Be3 Bxd5 14. Nxd5 Nbxd5 15. exd5 Nd7 16. b3 Bg5 17. f4 exf4 18. Bxf4 Qb6+ 19. Kh1 Bxf4 20. Rxf4 Ne5 21. Qd2 Rfe8 22. Raf1 Re7 23. h3 Rec7 24. Rb4 Qa7 25. a5 Qc5 26. Nc4 Nxc4 27. Rxc4 Qb5 28. Qf4 Qxd5 29. Rd4 Qe5 30. Rxd6 Qxf4 31. Rxf4 f6 32. Rb4 Re8 33. c4 Kf7 34. Kg1 Re6 35. Rdb6 Rxb6 36. Rxb6 Ke7 37. Kf2 Kd7 38. Ke3 Kc8 39. Kd4 Rd7+ 40. Ke3 Re7+ 41. Kf4 Kc7 42. g4 Re5 43. b4 h5 44. b5 hxg4 45. hxg4 Rc5 46. bxa6 Rxc4+ 47. Kf3 1/2-1/2

[Event "FRA-chT2 East 0607"]
[Site "France"]
[Date "2007.03.18"]
[Round "9.3"]
[White "Lamoureux, Charles"]
[Black "Grandidier, Raphael"]
[Result "1-0"]
[WhiteElo "2362"]
[BlackElo "2020"]
[PlyCount "45"]
[EventDate "2006.10.15"]
[EventType "team"]
[EventRounds "11"]
[EventCountry "FRA"]
[SourceTitle "EXT 2008"]
[Source "ChessBase"]
[SourceDate "2007.11.25"]
[SourceVersion "1"]
[SourceVersionDate "2007.11.25"]
[SourceQuality "1"]
[WhiteTeam "Montrevel en Bresse"]
[BlackTeam "Obernai"]
[WhiteTeamCountry "FRA"]
[BlackTeamCountry "FRA"]

1. e4 c5 2. Nf3 Nc6 3. Nc3 g6 4. d4 cxd4 5. Nxd4 Bg7 6. Nb3 Nf6 7. Be2 0-0 8. 0-0 d6 9. Bg5 a5 10. a4 Nb4 11. f4 Be6 12. Nd4 Qb6 13. Kh1 Rac8 14. Nxe6 fxe6 15. Bb5 Qc7 16. Rc1 Rf7 17. Qf3 Nd7 18. Qh3 Nf8 19. Nd1 d5 20. e5 Qb6 21. Ne3 Nc6 22. Nxd5 Qd4 23. Bxc6 1-0

[Event "FRA-chT2 East 0607"]
[Site "France"]
[Date "2006.11.25"]
[Round "2.5"]
[White "Grandidier, Raphael"]
[Black "Marzolf, Bruno"]
[Result "1-0"]
[WhiteElo "2013"]
[BlackElo "2249"]
[PlyCount "132"]
[EventDate "2006.10.15"]
[EventType "team"]
[EventRounds "11"]
[EventCountry "FRA"]
[SourceTitle "EXT 2008"]
[Source "ChessBase"]
[SourceDate "2007.11.25"]
[SourceVersion "1"]
[SourceVersionDate "2007.11.25"]
[SourceQuality "1"]
[WhiteTeam "Obernai"]
[BlackTeam "Gambsheim"]
[WhiteTeamCountry "FRA"]
[BlackTeamCountry "FRA"]

1. e4 c6 2. d4 d5 3. Nc3 dxe4 4. Nxe4 Nf6 5. Nxf6+ gxf6 6. Nf3 Bg4 7. c3 Nd7 8. g3 Qa5 9. h3 Bf5 10. Qb3 Be4 11. Bg2 Nb6 12. 0-0 Qd5 13. Qxd5 cxd5 14. Re1 e6 15. Bf4 Rc8 16. Nd2 Bxg2 17. Kxg2 Kd7 18. Re2 Be7 19. Kf3 Rhg8 20. g4 Rc6 21. a4 a5 22. Nb3 Nc4 23. Ra2 Re8 24. Nd2 Nb6 25. Nb3 Ra8 26. Nd2 Ra6 27. Ke3 e5 28. Bg3 Re6 29. Kf3 Bd6 30. Kg2 Ra8 31. f3 Rae8 32. dxe5 fxe5 33. Bf2 Bf8 34. Nb3 Nc4 35. Nc5+ Bxc5 36. Bxc5 Kc6 37. Bf2 e4 38. fxe4 Rxe4 39. Rxe4 Rxe4 40. b3 Nd6 41. Kf3 f5 42. gxf5 Nxf5 43. Ra1 Nh4+ 44. Bxh4 Rxh4 45. Kg3 Re4 46. Kf3 Kc5 47. Rd1 Rh4 48. Kg3 Re4 49. Kf3 Re6 50. h4 Rb6 51. Rb1 d4 52. cxd4+ Kxd4 53. Rd1+ Ke5 54. Rd3 Rb4 55. Kg3 h5 56. Rc3 b6 57. Rd3 Rg4+ 58. Kh3 Rd4 59. Rg3 Ke4 60. Rg5 Rd5 61. Rg6 Rd3+ 62. Kg2 Rxb3 63. Rg5 Rb4 64. Rxh5 Rxa4 65. Kg3 Rb4 66. Rg5 Ra4 1-0

[Event "Verbandsliga Sued Baden 0506"]
[Site "Germany"]
[Date "2006.04.09"]
[Round "8.7"]
[White "Grandidier, Raphael"]
[Black "Reis, Hans Helmut"]
[Result "1-0"]
[WhiteElo "1987"]
[BlackElo "1976"]
[PlyCount "119"]
[EventDate "2005.10.16"]
[EventType "team"]
[EventRounds "9"]
[EventCountry "GER"]
[SourceTitle "EXT 2007"]
[Source "ChessBase"]
[SourceDate "2006.11.23"]
[SourceVersion "1"]
[SourceVersionDate "2006.11.23"]
[SourceQuality "1"]
[WhiteTeam "Oberwinden"]
[BlackTeam "Kehl"]
[WhiteTeamCountry "GER"]
[BlackTeamCountry "GER"]

1. e4 c6 2. d4 d5 3. Nc3 dxe4 4. Nxe4 Bf5 5. Ng3 Bg6 6. Bc4 e6 7. h4 h6 8. N1e2 Bd6 9. Nf4 Bxf4 10. Bxf4 Nf6 11. Qe2 Qe7 12. 0-0-0 Nbd7 13. h5 Bh7 14. f3 Nb6 15. Bd3 Bxd3 16. Qxd3 0-0-0 17. Qb3 Nbd5 18. Bd2 Nc7 19. Qa4 Kb8 20. Bb4 Qd7 21. Ne4 Nxe4 22. fxe4 Na6 23. Ba3 f6 24. e5 Nc7 25. Bc5 b6 26. Bd6 Kb7 27. c4 Ra8 28. Rd3 Rhd8 29. Rhd1 Ne8 30. c5 Nxd6 31. exd6 Rdb8 32. Re3 bxc5 33. dxc5 e5 34. Ra3 Kc8 35. Qc4 Rb5 36. Rdd3 Kb7 37. Rab3 Rb8 38. Rxb5+ cxb5 39. Qd5+ Qc6 40. Qf7+ Ka8 41. Rd5 Rd8 42. b4 Rd7 43. Qe6 Kb7 44. Kd2 Kc8 45. Ke3 Kb7 46. Rd2 a6 47. g4 Ka7 48. Qd5 Kb7 49. Ke4 Rd8 50. Kf5 Qxd5 51. Rxd5 Kc6 52. Rd3 a5 53. a3 Kd7 54. Kg6 axb4 55. axb4 Ke6 56. Kxg7 e4 57. Rd1 Ke5 58. Kf7 Rd7+ 59. Ke8 Ke6 60. Re1 1-0

[Event "Verbandsliga Sued Baden 0506"]
[Site "Germany"]
[Date "2005.11.27"]
[Round "3.5"]
[White "Grandidier, Raphael"]
[Black "Nabavi, Parwis"]
[Result "0-1"]
[WhiteElo "1987"]
[BlackElo "2133"]
[PlyCount "98"]
[EventDate "2005.10.16"]
[EventType "team"]
[EventRounds "9"]
[EventCountry "GER"]
[SourceTitle "EXT 2007"]
[Source "ChessBase"]
[SourceDate "2006.11.23"]
[SourceVersion "1"]
[SourceVersionDate "2006.11.23"]
[SourceQuality "1"]
[WhiteTeam "Oberwinden"]
[BlackTeam "Dreisamtal"]
[WhiteTeamCountry "GER"]
[BlackTeamCountry "GER"]

1. e4 c5 2. Nf3 d6 3. d4 cxd4 4. Nxd4 Nf6 5. Nc3 Nc6 6. Bg5 e6 7. Qd2 a6 8. 0-0-0 h6 9. Bh4 Nxe4 10. Nxe4 Qxh4 11. f3 Nxd4 12. Qxd4 Qf4+ 13. Kb1 d5 14. Be2 Qc7 15. Ng3 Qc5 16. Qe5 Bd7 17. Bd3 0-0-0 18. Rhe1 Rg8 19. Bh7 Rh8 20. Bd3 Qc7 21. Qe2 Kb8 22. Rc1 Bb4 23. c3 Ba5 24. Red1 Ba4 25. b3 Bc6 26. c4 dxc4 27. Rxc4 Ka8 28. Rdc1 Qd7 29. Rxc6 Qxd3+ 30. Qxd3 Rxd3 31. Rc8+ Rxc8 32. Rxc8+ Ka7 33. Rf8 f5 34. Re8 Rd1+ 35. Kc2 Rd2+ 36. Kb1 Rxg2 37. Rxe6 f4 38. Nh5 Bd2 39. h4 g6 40. Nf6 h5 41. Ne4 Be3 42. Rf6 Rh2 43. Rxg6 Rxh4 44. Rh6 Rh2 45. Rh7 Kb6 46. b4 Kc6 47. a4 b6 48. Ra7 Kd5 49. Rxa6 Kc4 0-1

[Event "Verbandsliga Sued Baden 0405"]
[Site "Germany"]
[Date "2004.11.21"]
[Round "3.7"]
[White "Grandidier, Raphael"]
[Black "Dobschat, Benjamin"]
[Result "1-0"]
[WhiteElo "2078"]
[BlackElo "2080"]
[PlyCount "87"]
[EventDate "2004.10.10"]
[EventType "team"]
[EventRounds "9"]
[EventCountry "GER"]
[SourceTitle "EXT 2007"]
[Source "ChessBase"]
[SourceDate "2006.11.23"]
[SourceVersion "1"]
[SourceVersionDate "2006.11.23"]
[SourceQuality "1"]
[WhiteTeam "Oberwinden"]
[BlackTeam "Kehl"]
[WhiteTeamCountry "GER"]
[BlackTeamCountry "GER"]

1. e4 e5 2. Nf3 Nc6 3. Bb5 a6 4. Ba4 Nf6 5. 0-0 b5 6. Bb3 Be7 7. Re1 d6 8. c3 0-0 9. h3 Na5 10. Bc2 c5 11. d4 cxd4 12. cxd4 Nc6 13. Nc3 Qc7 14. Bg5 Bb7 15. Rc1 Qd8 16. Bb1 Rc8 17. Qd2 Re8 18. Rcd1 h6 19. Be3 Qc7 20. Nd5 Nxd5 21. exd5 Nxd4 22. Nxd4 exd4 23. Qd3 g6 24. Qxd4 Bf8 25. Qh4 Qd8 26. Qg3 Qd7 27. h4 Re5 28. h5 g5 29. f4 Rxd5 30. Rxd5 Bxd5 31. fxg5 Rc4 32. Bf4 Be6 33. gxh6+ Bg4 34. h7+ Kh8 35. Bg5 Bg7 36. Qe3 f5 37. Qe8+ Qxe8 38. Rxe8+ Kxh7 39. Re7 Kg8 40. a3 Rd4 41. Ba2+ Kh8 42. Re8+ Kh7 43. Bg8+ Kh8 44. Bf7+ 1-0

[Event "Oberliga Baden 0203"]
[Site "Germany"]
[Date "2003.02.09"]
[Round "6.8"]
[White "Grandidier, Raphael"]
[Black "Fiedler, Joerg"]
[Result "0-1"]
[WhiteElo "2084"]
[BlackElo "2088"]
[PlyCount "82"]
[EventDate "2002.10.20"]
[EventType "team-tourn"]
[EventRounds "9"]
[EventCountry "GER"]
[SourceTitle "EXT 2018"]
[Source "ChessBase"]
[SourceDate "2017.10.13"]
[SourceVersion "1"]
[SourceVersionDate "2017.10.13"]
[SourceQuality "1"]
[WhiteTeam "Dreisamtal"]
[BlackTeam "Konstanz"]
[WhiteTeamCountry "GER"]
[BlackTeamCountry "GER"]

1. e4 c5 2. Nf3 Nc6 3. d4 cxd4 4. Nxd4 e5 5. Nb5 a6 6. Nd6+ Bxd6 7. Qxd6 Qf6 8. Qxf6 Nxf6 9. Nc3 Nb4 10. Bd3 h6 11. Be3 Nxd3+ 12. cxd3 d6 13. Rd1 b5 14. 0-0 Bb7 15. Rfe1 Rc8 16. d4 Ke7 17. f4 exf4 18. Bxf4 b4 19. e5 dxe5 20. dxe5 Nh5 21. Ne2 Nxf4 22. Nxf4 g5 23. e6 Rhd8 24. exf7+ Kxf7 25. Nd3 a5 26. Ne5+ Kg7 27. Rf1 Rxd1 28. Rxd1 Kf6 29. Ng4+ Ke6 30. Re1+ Kd6 31. Rd1+ Ke6 32. Re1+ Kd6 33. Re2 h5 34. Rd2+ Ke6 35. Ne3 Ke5 36. Rd7 Be4 37. Re7+ Kd4 38. Kf2 Rf8+ 39. Ke2 Bd3+ 40. Kd2 Rf2+ 41. Kc1 Be4 0-1

[Event "Konigshoffen op"]
[Site "Konigshoffen"]
[Date "2001.??.??"]
[Round "5"]
[White "Engelmann, Herve"]
[Black "Grandidier, Raphael"]
[Result "1-0"]
[WhiteElo "1930"]
[BlackElo "2129"]
[PlyCount "35"]
[EventDate "2001.??.??"]
[EventType "swiss"]
[EventRounds "7"]
[EventCountry "FRA"]
[SourceTitle "EXT 2003"]
[Source "ChessBase"]
[SourceDate "2002.11.25"]
[SourceVersion "1"]
[SourceVersionDate "2002.11.25"]
[SourceQuality "1"]

1. e4 e6 2. d4 d5 3. e5 c5 4. c3 Nc6 5. Nf3 Qb6 6. Bd3 Bd7 7. 0-0 cxd4 8. cxd4 Nxd4 9. Nxd4 Qxd4 10. Nc3 a6 11. Qe2 Ne7 12. Kh1 Nf5 13. Rd1 Qb6 14. Bxf5 exf5 15. Be3 Qe6 16. Nxd5 Qxe5 17. Nc7+ Kd8 18. Bg5+ 1-0